Gruppi di Quattro #2 - Statistics

Statistiche generali
  • Questo quiz è stato fatto 7.376 volte
  • Il punteggio medio è 36 su 64
Statistiche sulle risposte
Group Risposta % Corretto
Capitali dei Paesi del Regno Unito Londra
98%
Prime quattro lettere greche Alpha
95%
Prime quattro lettere greche Beta
95%
Stati della Materia Gassoso
94%
Stati della Materia Liquido
94%
Stati della Materia Solido
94%
Tipi di denti nell'uomo Canini
93%
Swiss Languages Italiano
92%
Lingue ufficiali della Svizzera Francese
91%
Tipi di denti nell'uomo Molari
91%
Lingue ufficiali della Svizzera Tedesco
91%
Prime quattro lettere greche Gamma
90%
Tipi di denti nell'uomo Incisivi
85%
Ossa della gamba Tibia
85%
Case di Hogwarts Serpeverde
83%
Prime quattro lettere greche Delta
82%
Ossa della gamba Femore
82%
Case di Hogwarts Grifondoro
81%
Case di Hogwarts Tassorosso
77%
Pietre Preziose Diamante
76%
Membri dei Queen Freddie Mercury
76%
Ossa della gamba Perone
76%
Pietre Preziose Rubino
75%
Capitali dei Paesi del Regno Unito Edimburgo
74%
Case di Hogwarts Corvonero
73%
Pietre Preziose Smeraldo
72%
Colture di base più coltivate Grano
71%
Tipi di denti nell'uomo Premolari
67%
Capitali dei Paesi del Regno Unito Belfast
61%
Capitali sul Danubio Budapest
58%
Capitali dei Paesi del Regno Unito Cardiff
58%
Presidenti sul Mt. Rushmore George Washington
58%
Ossa della gamba Rotula
56%
Pietre Preziose Zaffiro
54%
Presidenti sul Mt. Rushmore Abraham Lincoln
53%
Capitali sul Danubio Vienna
53%
Colture di base più coltivate Riso
52%
Colture di base più coltivate Mais
51%
I Fantastici Quattro La Cosa
49%
Paesi che hanno deposto regimi durante le Primavere Arabe Egitto
45%
Grandi invenzioni dell'antica Cina Carta
42%
I Fantastici Quattro La Donna Invisibile
42%
Paesi che hanno deposto regimi durante le Primavere Arabe Libia
41%
I Fantastici Quattro La Torcia Umana
39%
Grandi invenzioni dell'antica Cina Polvere da sparo
39%
Paesi che hanno deposto regimi durante le Primavere Arabe Tunisia
38%
Capitali sul Danubio Bratislava
37%
Stati della Materia Plasma
35%
Capitali sul Danubio Belgrado
28%
Lingue ufficiali della Svizzera Romancio
28%
Presidenti sul Mt. Rushmore Theodore Roosevelt
26%
Membri dei Queen Brian May
25%
I Fantastici Quattro Mr. Fantastic
24%
Presidenti sul Mt. Rushmore Thomas Jefferson
24%
Grandi invenzioni dell'antica Cina Bussola
19%
Paesi che hanno deposto regimi durante le Primavere Arabe Yemen
18%
Colture di base più coltivate Patata
15%
Membri dei Queen Roger Taylor
13%
Grandi invenzioni dell'antica Cina Stampa
12%
Membri dei Queen John Deacon
11%
Quattro temperamenti Collerico
5%
Quattro temperamenti Flemmatico
5%
Quattro temperamenti Sanguigno
5%
Quattro temperamenti Melancolico
2%
Nessun quiz corrispondente trovato
Distribuzione punteggi
Percentuale di utenti per punteggio
Percentile per numero di risposta
I tuoi punteggi nel tempo
Non hai fatto questo quiz